000
00250nam a2200097Ia 4500
001
832441
005
20250826172355.0
008
250824s9999 xx 000 0 und d
245
0
_a
HAYATI AŞKLA YAŞAMAK
_c
YAVUZ BAHADIROĞLU
260
_b
NESİL YAYINLARI
999
_c
832441
_d
832441